Sexual offences and how to deal with them (Record no. 80436)

MARC details
000 -LEADER
fixed length control field 01599nam a2200265 a 4500
008 - FIXED-LENGTH DATA ELEMENTS--GENERAL INFORMATION
fixed length control field 081127s2003 ||||||||||||||||| || u
020 ## - INTERNATIONAL STANDARD BOOK NUMBER
International Standard Book Number 9982992813
050 ## - LIBRARY OF CONGRESS CALL NUMBER
Classification number HV 6593.Z33 Dak
100 ## - MAIN ENTRY--PERSONAL NAME
Personal name Daka, Joseph
245 10 - TITLE STATEMENT
Title Sexual offences and how to deal with them
Statement of responsibility, etc. by Joseph Daka
260 ## - PUBLICATION, DISTRIBUTION, ETC.
Place of publication, distribution, etc. Lusaka:
Name of publisher, distributor, etc. Confort Publishers
Date of publication, distribution, etc. 2003
300 ## - PHYSICAL DESCRIPTION
Extent various pagings: ill
350 ## -
-- 0.00
650 ## - SUBJECT ADDED ENTRY--TOPICAL TERM
Topical term or geographic name entry element SEX AND LAW--ZAMBIA
650 ## - SUBJECT ADDED ENTRY--TOPICAL TERM
Topical term or geographic name entry element SEX CRIMES--INVESTIGATIONS--ZAMBIA
650 ## - SUBJECT ADDED ENTRY--TOPICAL TERM
Topical term or geographic name entry element TEENAGE SEX OFFENDERS--ZAMBIA
650 ## - SUBJECT ADDED ENTRY--TOPICAL TERM
Topical term or geographic name entry element SEX-CRIMES--ZAMBIA
650 #0 - SUBJECT ADDED ENTRY--TOPICAL TERM
Topical term or geographic name entry element CRIMINOLOGY
995 ## -
-- SPECIAL COLLECTIONS
-- 1032
-- CBU-SCHOOL OF MEDICINE LIBRARY (Ndola)
-- 0.00
-- ZAM HV 6593.Z33 Dak
-- 6
-- AVAILABLE
-- Oct 16, 2013
-- B1032
-- Zambiana Collection
995 ## -
-- SPECIAL COLLECTIONS
-- 0.00
-- 738971
-- CBU-MAIN LIBRARY (Kitwe)
-- 1
-- 0.00
-- ZAM HV 6593.Z33 Dak
-- 1
-- AVAILABLE
-- Dec 1, 2008
-- 738971
-- Zambiana Collection
995 ## -
-- MAIN LIBRARY OPEN ACCESS
-- 0.00
-- 738964
-- CBU-MAIN LIBRARY (Kitwe)
-- 1
-- 0.00
-- HV 6593.Z33 Dak
-- 4
-- AVAILABLE
-- Dec 1, 2008
-- 738964
-- Main Library Open Access Collection
995 ## -
-- SPECIAL COLLECTIONS
-- 0.00
-- 738972
-- CBU-MAIN LIBRARY (Kitwe)
-- 1
-- 0.00
-- ZAM HV 6593.Z33 Dak
-- 2
-- AVAILABLE
-- Dec 1, 2008
-- 738972
-- Zambiana Collection
995 ## -
-- MAIN LIBRARY OPEN ACCESS
-- 0.00
-- 738973
-- CBU-MAIN LIBRARY (Kitwe)
-- 1
-- 0.00
-- HV 6593.Z33 Dak
-- 3
-- AVAILABLE
-- Dec 1, 2008
-- 738973
-- Main Library Open Access Collection
995 ## -
-- ANNEX COLLECTION (Main Library)
-- 0.00
-- 738965
-- CBU-MAIN LIBRARY (Kitwe)
-- 1
-- 0.00
-- HV 6593.Z33 Dak
-- 5
-- AVAILABLE
-- Dec 1, 2008
-- 738965
-- Annex Low-Usage Collection
999 ## -
-- 80436
-- 80436
Holdings
Withdrawn status Lost status Source of classification or shelving scheme Damaged status Not for loan Permanent Location Current Location Shelving location Date acquired Total Checkouts Full call number Barcode Date last seen Copy number Price effective from Koha item type
          CBU-MAIN LIBRARY, KITWE. CBU-MAIN LIBRARY, KITWE.   06/29/2023   ZAM HV 6593.Z33 Dak B1032 06/29/2023 1 06/29/2023 SPECIAL COLLECTION
          CBU-MAIN LIBRARY, KITWE. CBU-MAIN LIBRARY, KITWE.   06/29/2023   ZAM HV 6593.Z33 Dak 738971 06/29/2023 2 06/29/2023 SPECIAL COLLECTION
          CBU-MAIN LIBRARY, KITWE. CBU-MAIN LIBRARY, KITWE.   06/29/2023   HV 6593.Z33 Dak 738964 06/29/2023 3 06/29/2023 MONOGRAPH
          CBU-MAIN LIBRARY, KITWE. CBU-MAIN LIBRARY, KITWE.   06/29/2023   ZAM HV 6593.Z33 Dak 738972 06/29/2023 4 06/29/2023 SPECIAL COLLECTION
          CBU-MAIN LIBRARY, KITWE. CBU-MAIN LIBRARY, KITWE.   06/29/2023   HV 6593.Z33 Dak 738973 06/29/2023 5 06/29/2023 MONOGRAPH
          CBU-MAIN LIBRARY, KITWE. CBU-MAIN LIBRARY, KITWE.   06/29/2023   HV 6593.Z33 Dak 738965 06/29/2023 6 06/29/2023 MONOGRAPH